000 02133cam a22003371i 4500
003 SA-RiAUC
005 20250506063711.0
008 250501s2005 ts f f000 0 ara c
040 _aJO-AmJU
_bara
_cSA-RiAUC
_erda
082 0 4 _a253.2
_qSA-RiAUC
090 _a253.2
_bس ب هـ
100 1 _aالسبهاني، عبد الجبار حمد عبيد،
_d1957-
_eمؤلف.
245 1 2 _aالأسعار وتخصيص الموارد في الإسلام :
_bمدخل إسلامي لدراسة النظرية الاقتصادية /
_cعبد الجبار حمد عبيد السبهاني.
250 _aالطبعة الأولى.
264 1 _aدبي، الإمارات العربية المتحدة :
_bدار البحوث للدراسات الإسلامية وإحياء التراث،
_c2005
300 _a535 صفحة ؛
_c24 سم.
336 _aنص
_btxt
_2rdacontent
_3كتاب
337 _aبدون وسيط
_bn
_2rdamedia
338 _aمجلد
_bnc
_2rdacarrier
490 1 _aالاقتصاد الإسلامي ؛
_v2
504 _aيشتمل على ببليوجرافيا: صفحة 505-526.‏
505 0 _aالمشكلة الاقتصادية في إطار الفكر الوضعي، الأسعار وتخصيص الموارد في النظام الرأسمالي، الأسعار وتخصيص الموارد في النظام الاشتراكي، المشكلة الاقتصادية والتسعير في ضوء المعالم الشرعية، السوق الإسلامية آليتها وبنيتها، نظام التوزيع الإسلامي وآثاره التخصيصية، التسويات التخصيصية في الاقتصاد الإسلامي.
650 7 _aالبيع
_2aucsh
650 7 _aالاقتصاد الإسلامي
_2aucsh
650 7 _aالأسعار (فقه إسلامي)
_2aucsh
650 7 _aالمعاملات (فقه إسلامي)
_2aucsh
650 7 _aالإسلام والاقتصاد
_2aucsh
830 2 _aالاقتصاد الإسلامي (دار البحوث للدراسات الإسلامية والتراث)
_v2
942 _2ddc
_cBOOK
_n0
949 _aSA-JeALM
_d250501
_umohamedma123
_n1
999 _c7641
_d7641